000 00717nam a2200205Ia 4500
003 GCL
008 140319s9999 xx 000 0 ara d
040 _aGCL /
_cGCL
082 0 4 _a216
_bخ ك
100 1 _aابن الخياط المقزلى، عبدالرحيم
245 1 0 _aكتاب الانتصار: والرد على لبن الروندى الملحد ماقيمتة /
_cابن الخياط المقزلى، عبدالرحيم
260 _a[S.N] :
_bمكتبة الدار العربية للكتاب ،
_c1993
300 _a252
490 _a
650 0 4 _aالاسلام
650 0 4 _aالحديث
650 0 4 _aدفع المطاعن عن الاسلام
650 0 4 _aالقران
942 _2ddc
_cBK
999 _c30304
_d30304